| 000 | 00490nam a22001817a 4500 | ||
|---|---|---|---|
| 003 | OSt | ||
| 005 | 20260309174928.0 | ||
| 008 | 260309b |||||||| |||| 00| 0 eng d | ||
| 020 | _a9781526179821 | ||
| 082 |
_a337.51 _bCABE |
||
| 100 | _aCable, Vince | ||
| 245 | _aEclipsing the west : China, India and the forging of a new world | ||
| 260 |
_aUK _bManchester University Press 2025 _c2025 |
||
| 300 | _a338p | ||
| 546 | _aEnglish | ||
| 650 | _aInternational Economics | ||
| 942 |
_2ddc _cBK |
||
| 999 |
_c3965 _d3965 |
||